000 00398nam a22001577a 4500
999 _c12386
_d12386
008 210201b ||||| |||| 00| 0 eng d
082 0 0 _a510.2462
_bB637
100 _9483
_aBlakey, Joseph
245 1 0 _aEngineering mathematics
_cBy Joseph Blakey
260 _aCalcutta
_bBlackie
_c1961
300 _a603p.
365 _d25.00
650 0 _aMathematics
700 _94533
_aHutton, M
942 _cBK